| 000 | 02453cam a22006254i 4500 | ||
|---|---|---|---|
| 003 | PE-LiUPU | ||
| 005 | 20250731170414.0 | ||
| 008 | 170207s2016 xxua r 000 0 eng d | ||
| 020 | _a1305630041 | ||
| 020 | _a9781305630048 | ||
| 035 | _a(Sirsi) a166783 | ||
| 040 |
_aPE-LiUPU _bspa _cPE-LiUPU _erda |
||
| 082 | 0 | 4 |
_a150.9 _bS29 _220 |
| 100 | 1 |
_aSchultz, Duane P., _eautor. |
|
| 245 | 1 | 2 |
_aA history of modern psychology / _c Duane P. Schultz, Sydney Ellen Schultz. |
| 250 | _aEleven edition. | ||
| 264 | 1 |
_aBoston, MA : _bCengage Learning, _c [2016] |
|
| 300 |
_axx, 425 páginas : _bilustraciones ; _c26 centímetros. |
||
| 336 |
_atext _2rdacontent |
||
| 337 |
_aunmediated _2rdamedia |
||
| 338 |
_avolume _2rdacarrier |
||
| 504 | _aBibliografía : páginas 388-415. | ||
| 504 | _aÍndice : páginas 416-425. | ||
| 505 | 0 | _aThe study of the history of psychology -- Philosophical influences on psychology -- Physiological influences on psychology -- The new psychology -- Structuralism -- Funtionalism: Antecedent influences -- Functionalism: antecedent influences -- Functionalism: development and founding -- Applied psychology: the legacy of functionalism -- Behaviorism: antecedent influences -- Behaviorism: the beginnings -- Behaviorism: after the founding -- Gestalt psychology -- Psychoanalysis: the beginnings -- Psychonalysis: after the founding -- Continuing developments in psychology. | |
| 526 | _aSEG68 | ||
| 526 | _aSEG70 | ||
| 526 | _aSEG69 | ||
| 526 | _aSEG67 | ||
| 526 | _aSEG43 | ||
| 526 | _aP144 | ||
| 526 | _aP143 | ||
| 526 | _aP131 | ||
| 526 | _aP122 | ||
| 526 | _aP120 | ||
| 526 | _aP117 | ||
| 526 | _aP112 | ||
| 526 | _aP110 | ||
| 526 | _aP106 | ||
| 526 | _aP101 | ||
| 526 | _aP80 | ||
| 526 | _aP59 | ||
| 526 | _aP54 | ||
| 526 | _aP35 | ||
| 526 | _aP33 | ||
| 526 | _aP30 | ||
| 541 | _g0020-0001585; | ||
| 650 | 1 | 4 |
_aPsicología _xHistoria. |
| 650 | 2 | 4 |
_aHistoria _ySiglo XIX. |
| 650 | 2 | 4 |
_aHistoria _ySiglo XX. |
| 700 | 1 |
_aSchultz, Sydney Ellen. _eautor. |
|
| 910 |
_aebj _bebj _cjck _d20170207 |
||
| 596 | _a1 | ||
| 942 |
_2ddc _cBOOK |
||
| 999 |
_a150.9 S29 _wDEWEY _c15522 _i75415 _d15522 _e2018-9-30 _f2021-11-3 _g4 _lCCODEBUL1 _mBUL _n14 _p520.13 _q5 _r0 _sY _tBOOK _u2017-2-7 _xSALUD _PP33 _0COMPRA _o.CIRCNOTE. Documento de alto precio. _o.STAFF. Colección Ciencias de la Salud |
||
| 980 |
_81 _gALBERTO SANCHEZ Responsable de Automatización |
||